| 000 | 00406nam a2200157Ia 4500 | ||
|---|---|---|---|
| 008 | 230917s9999||||xx |||||||||||||| ||und|| | ||
| 020 | _cDM54 | ||
| 040 |
_e19092 _aMAIN |
||
| 041 | _aEnglish | ||
| 082 | _a515.352 R272S | ||
| 100 | _aReid, William T | ||
| 245 | 0 | _aSturmian theory for ordinary differential equations | |
| 260 |
_aNew York _bSpringer-Verlag _c1980 |
||
| 300 | _axv,559 p. | ||
| 942 | _cBK | ||
| 999 |
_c218897 _d218897 |
||